MyGZULibrary

Russia, America and the Cold War, 1949-1991 / (Record no. 859)

MARC details
000 -LEADER
fixed length control field 01332cam a2200337 a 4500
001 - CONTROL NUMBER
control field 15213414
003 - CONTROL NUMBER IDENTIFIER
control field GZU
005 - DATE AND TIME OF LATEST TRANSACTION
control field 20200915120607.0
008 - FIXED-LENGTH DATA ELEMENTS--GENERAL INFORMATION
fixed length control field 080310s2008 enkab b 001 0 eng
010 ## - LIBRARY OF CONGRESS CONTROL NUMBER
LC control number 2008010341
020 ## - INTERNATIONAL STANDARD BOOK NUMBER
International Standard Book Number 9781405874304 (pbk.)
040 ## - CATALOGING SOURCE
Original cataloging agency DLC
Transcribing agency DLC
Modifying agency DLC
043 ## - GEOGRAPHIC AREA CODE
Geographic area code n-us---
-- e-ur---
050 00 - LIBRARY OF CONGRESS CALL NUMBER
Classification number E183.8
Item number MCC 2008
082 00 - DEWEY DECIMAL CLASSIFICATION NUMBER
Classification number 327.73047
Edition number 22
100 1# - MAIN ENTRY--PERSONAL NAME
Personal name McCauley, Martin.
245 10 - TITLE STATEMENT
Title Russia, America and the Cold War, 1949-1991 /
Statement of responsibility, etc. Martin McCauley.
250 ## - EDITION STATEMENT
Edition statement Rev. 2nd ed.
260 ## - PUBLICATION, DISTRIBUTION, ETC.
Place of publication, distribution, etc. Harlow, England ;
-- New York :
Name of publisher, distributor, etc. Pearson Longman,
Date of publication, distribution, etc. 2008.
300 ## - PHYSICAL DESCRIPTION
Extent lxx, 170 p. :
Other physical details ill. (some col.), maps ;
Dimensions 24 cm.
490 0# - SERIES STATEMENT
Series statement Seminar studies in history
504 ## - BIBLIOGRAPHY, ETC. NOTE
Bibliography, etc. note Includes bibliographical references (p. [155]-161) and index.
650 #0 - SUBJECT ADDED ENTRY--TOPICAL TERM
Topical term or geographic name entry element Cold War.
651 #0 - SUBJECT ADDED ENTRY--GEOGRAPHIC NAME
Geographic name United States
General subdivision Foreign relations
Geographic subdivision Soviet Union.
651 #0 - SUBJECT ADDED ENTRY--GEOGRAPHIC NAME
Geographic name Soviet Union
General subdivision Foreign relations
Geographic subdivision United States.
651 #0 - SUBJECT ADDED ENTRY--GEOGRAPHIC NAME
Geographic name United States
General subdivision Foreign relations
Chronological subdivision 1945-1989.
856 41 - ELECTRONIC LOCATION AND ACCESS
Materials specified Table of contents only
Uniform Resource Identifier <a href="http://www.loc.gov/catdir/toc/ecip0813/2008010341.html">http://www.loc.gov/catdir/toc/ecip0813/2008010341.html</a>
906 ## - LOCAL DATA ELEMENT F, LDF (RLIN)
a 7
b cbc
c orignew
d 1
e ecip
f 20
g y-gencatlg
942 ## - ADDED ENTRY ELEMENTS (KOHA)
Source of classification or shelving scheme Library of Congress Classification
Koha item type Books
Classification part E 183.8
Item part MCC
Call number prefix E
Holdings
Withdrawn status Lost status Damaged status Not for loan Collection code Home library Current library Shelving location Date acquired Total Checkouts Full call number Barcode Date last seen Date last checked out Copy number Price effective from Koha item type Inventory number
        Fiction City Campus Library City Campus Library General Stacks 09/15/2020 1 E 183.8 MCC 2008 002201 05/17/2022 05/13/2022 c.1 09/15/2020 Books  
        Non-fiction Mashava Campus Library Mashava Campus Library General Stacks 05/03/2021   E 183.8 MCC 2008 002200 05/03/2021   c.2 05/03/2021 Books 19750